[Event "2nd IECC"]
[Site "Ohrid MKD"]
[Date "2001.06.07"]
[Round "7"]
[White "Shneider,A"]
[Black "Rogic,D"]
[Result "1/2-1/2"]
[WhiteElo "2516"]
[BlackElo "2457"]

1.d4 d5 2.c4 c6 3.Nc3 Nf6 4.e3 e6 5.Nf3 Nbd7 6.Qc2 Bd6 7.b3 O-O 8.Be2 b6
9.O-O Bb7 10.Bb2 Qe7 11.e4 dxe4 12.Nxe4 Nxe4 13.Qxe4 f5 14.Qe3 c5 15.Rad1 Rad8
16.dxc5 Bxc5 17.Qg5 Nf6 18.Bd4 Bxf3 19.Bxc5 bxc5 20.Bxf3 Rxd1 21.Rxd1 Rd8
22.Re1 Qd6 23.h3 Kf7 24.Qe3 Qe7 25.a3 a5 26.Qc3 Qc7 27.b4 axb4 28.axb4 cxb4
29.Qxb4 Rd4 30.Rc1 Nd7 31.Qc3 Qc5 32.Be2 Rf4 33.Qg3 Re4 34.Bf1 Qe5 35.Qf3 Nc5
36.Qh5+ Kf6 37.Qxh7 Qd4 38.Qg8 Rf4 39.Qf8+ Kg6 40.Qe8+ Kf6 41.Qf8+  1/2-1/2

[Event "2nd IECC"]
[Site "Ohrid MKD"]
[Date "2001.06.07"]
[Round "7"]
[White "Epishin,V"]
[Black "Savchenko,S"]
[Result "1/2-1/2"]
[WhiteElo "2579"]
[BlackElo "2517"]

1.d4 d5 2.c4 c6 3.Nc3 Nf6 4.Nf3 e6 5.e3 Nbd7 6.Qc2 Bd6 7.Bd3 O-O 8.O-O dxc4
9.Bxc4 a6 10.Bb3 c5 11.Ne4 Nxe4 12.Qxe4 Qe7 13.Re1 e5 14.Bd2 Nf6 15.Qh4 e4
16.dxc5 Bxc5 17.Nd4 Bd7 18.a3 Rac8 19.Bc3 Bd6 20.Ne2 Be5 21.Bb4 Bd6 22.Bc3 Be5
23.Bb4  1/2-1/2

[Event "Open"]
[Site "Estensi ITA"]
[Date "2001.06.08"]
[Round "7"]
[White "Naumkin,I"]
[Black "Ortega,Le"]
[Result "0-1"]
[WhiteElo "2446"]
[BlackElo "2487"]

1.d4 d5 2.c4 e6 3.Nc3 c6 4.e3 Nf6 5.Nf3 Nbd7 6.Qc2 Bd6 7.Bd3 O-O 8.O-O dxc4
9.Bxc4 b5 10.Be2 Bb7 11.Bd2 a6 12.Rad1 c5 13.a3 Rc8 14.Qb1 b4 15.axb4 cxb4
16.Na4 Qa5 17.b3 Ne4 18.Nb2 Qh5 19.h3 a5 20.Nd3 Ng5 21.Nxg5 Qxg5 22.f3 Qg3
23.Nf4 Bxf4 24.exf4 Nb6 25.Qa2 Nd5 26.Qxa5 Rc2 27.Bd3 Nxf4  0-1

[Event "ch-IND"]
[Site "New Delhi IND"]
[Date "2001.06.08"]
[Round "13"]
[White "Sriram,J"]
[Black "Neelotpal,D"]
[Result "1-0"]
[WhiteElo "2390"]
[BlackElo "2423"]

1.d4 d5 2.c4 e6 3.Nc3 c6 4.e3 Nf6 5.Nf3 Nbd7 6.Bd3 dxc4 7.Bxc4 b5 8.Bd3 Bb7
9.O-O a6 10.e4 c5 11.e5 Nd5 12.a4 bxa4 13.Nxd5 Bxd5 14.Qe2 cxd4 15.Nxd4 Bc5
16.Nf3 Qb6 17.Be4 Qb7 18.Bxd5 Qxd5 19.Rd1 Qb7 20.Ng5 Be7 21.Qh5 g6 22.Qh6 Bf8
23.Qh3 Rc8 24.Be3 Be7 25.Qh6 Bf8 26.Qh4 Be7 27.Qd4 Nc5 28.Qf4 O-O 29.Rxa4 Nxa4
30.Ne4 Rc1 31.Bxc1 Rd8 32.Nd6 Bxd6 33.exd6 Qc6 34.h3 Nc5 35.Qf6  1-0

[Event "IHEM"]
[Site "Hamburg GER"]
[Date "2001.06.09"]
[Round "8"]
[White "Farago,I"]
[Black "Hector,J"]
[Result "1/2-1/2"]
[WhiteElo "2485"]
[BlackElo "2546"]

1.d4 d5 2.c4 c6 3.Nc3 Nf6 4.e3 e6 5.Nf3 Nbd7 6.Qc2 Bd6 7.Bd3 e5 8.cxd5 cxd5
9.Nb5 Bb8 10.dxe5 Nxe5 11.Nxe5 Bxe5 12.Bd2  1/2-1/2

[Event "ch-IND"]
[Site "New Delhi IND"]
[Date "2001.06.09"]
[Round "15"]
[White "Prakash,G"]
[Black "Sahu,S"]
[Result "0-1"]
[WhiteElo "2453"]
[BlackElo "2325"]

1.d4 d5 2.c4 c6 3.Nc3 Nf6 4.e3 e6 5.Nf3 Nbd7 6.Qc2 Bd6 7.Bd3 O-O 8.O-O dxc4
9.Bxc4 b5 10.Be2 Bb7 11.Rd1 Qc7 12.b3 a6 13.a4 b4 14.Ne4 Nxe4 15.Qxe4 c5
16.Qh4 cxd4 17.Bb2 e5 18.exd4 e4 19.Rac1 Qb8 20.Ng5 Nf6 21.d5 Be5 22.Bd4 Bxd5
23.Rc5 Rd8 24.Be3 h6 25.Nxe4 Nxe4 26.Rcxd5 Rxd5 27.Rxd5 Nc3 28.Rd2 Nxe2+
29.Rxe2 Bc3 30.Qg4 Qd6 31.Rc2 Qd5 32.Qf3 Qxf3 33.gxf3 Rd8 34.Rc1 Rd3 35.Kf1 Be5
36.f4 Bf6 37.Rb1 Rc3 38.Ke2 Be7 39.Bd2 Rc2 40.Kd3 Ra2 41.Re1 Kf8 42.Rc1 g6
43.f5 Rxd2+ 44.Kxd2 Bg5+ 45.Kd1 Bxc1 46.Kxc1 Ke7 47.Kd2 Kd6 48.Kd3 Kd5 49.fxg6 fxg6
50.a5 g5 51.Ke3 h5 52.f3 Ke5 53.Kd3 Kf4 54.Ke2 g4 55.fxg4 Kxg4  0-1

[Event "2nd IECC"]
[Site "Ohrid MKD"]
[Date "2001.06.09"]
[Round "8"]
[White "Mitkov,M"]
[Black "Konopka,M"]
[Result "1/2-1/2"]
[WhiteElo "2424"]
[BlackElo "2507"]

1.Nf3 Nf6 2.c4 c6 3.d4 d5 4.Nc3 e6 5.e3 g6 6.Bd3 Bg7 7.O-O Nbd7 8.e4 dxe4
9.Nxe4 Nxe4 10.Bxe4 O-O 11.Bg5 Qc7 12.c5 Re8 13.Rc1 f5 14.Bc2 h6 15.Be3 e5
16.Bb3+ Kh7 17.dxe5 Nxe5 18.Bf4 Be6 19.Nxe5 Bxb3 20.Qxb3 Bxe5 21.Bxe5 Rxe5
22.Rfd1 Rae8 23.g3 b6  1/2-1/2

[Event "White Nights"]
[Site "St Petersburg RUS"]
[Date "2001.06.09"]
[Round "1"]
[White "Korotylev,A"]
[Black "Kharitonov,Alexa"]
[Result "1-0"]
[WhiteElo "2554"]
[BlackElo "2345"]

1.d4 d5 2.c4 e6 3.Nc3 c6 4.e3 Nf6 5.Nf3 Nbd7 6.Bd3 dxc4 7.Bxc4 b5 8.Bd3 Bb7
9.O-O b4 10.Ne4 Nxe4 11.Bxe4 Qb6 12.Nd2 c5 13.Nc4 Qa6 14.Bd3 Qc6 15.Qg4 a5
16.a3 h5 17.Qh3 Be7 18.axb4 axb4 19.Bd2 Qd5 20.Rxa8+ Bxa8 21.Ra1 O-O 22.Ra7 Rd8
23.Bf1 cxd4 24.Ra5 Qe4 25.Rxh5 f5 26.Rh8+ Kf7 27.Rxd8  1-0

[Event "ch-IND"]
[Site "New Delhi IND"]
[Date "2001.06.10"]
[Round "17"]
[White "Prakash,G"]
[Black "Harikrishna,P"]
[Result "1/2-1/2"]
[WhiteElo "2453"]
[BlackElo "2504"]

1.d4 Nf6 2.c4 e6 3.Nf3 d5 4.Nc3 c6 5.e3 Nbd7 6.Qc2 Bd6 7.Bd3 O-O 8.O-O dxc4
9.Bxc4 b5 10.Be2 Bb7 11.Rd1 Qb8 12.a3 a6 13.Ne4 Nxe4 14.Qxe4 c5 15.Qh4 e5
16.Ng5 h6 17.Ne4 Bxe4 18.Qxe4 exd4 19.exd4 Re8 20.Qf3  1/2-1/2

[Event "2nd IECC"]
[Site "Ohrid MKD"]
[Date "2001.06.10"]
[Round "9"]
[White "Timoscenko,G"]
[Black "Gausel,E"]
[Result "1/2-1/2"]
[WhiteElo "2531"]
[BlackElo "2480"]

1.c4 c6 2.Nf3 d5 3.e3 Nf6 4.Nc3 e6 5.d4 Nbd7 6.Qc2 Bd6 7.Bd3 O-O 8.O-O dxc4
9.Bxc4 a6 10.Rd1 Qe7 11.a4 c5 12.dxc5 Bxc5 13.b3 b6 14.Ne4 Bb7 15.Nxc5  1/2-1/2

[Event "2nd IECC"]
[Site "Ohrid MKD"]
[Date "2001.06.10"]
[Round "9"]
[White "Malakhatko,V"]
[Black "Kuzmin,G"]
[Result "1-0"]
[WhiteElo "2524"]
[BlackElo "2569"]

1.d4 Nf6 2.c4 e6 3.Nf3 d5 4.Nc3 c6 5.e3 Nbd7 6.Qc2 Bd6 7.Bd3 O-O 8.O-O Qe7
9.c5 Bc7 10.e4 e5 11.exd5 cxd5 12.Bg5 e4 13.Nxd5 Nxd5 14.Bxe7 exd3 15.Qc4 Nxe7
16.d5 Ng6 17.b4 Nde5 18.Nxe5 Bxe5 19.Rae1 Bd7 20.Qxd3 a6 21.d6 Rfe8 22.Qd2 Re6
23.g3 Rae8 24.Re3 f5 25.Rfe1 f4 26.Re4 Bc6 27.a4 Kf8 28.d7 Rd8 29.Rxe5 Rxe5
30.Rxe5 Nxe5 31.Qd6+ Kf7 32.Qxe5 f3 33.g4 Rxd7 34.h4 h6 35.Kh2 Re7 36.Qf4+ Ke8
37.b5 axb5 38.axb5 Bxb5 39.Qxf3 Bc6 40.Qc3 Kf7 41.Kg3 Kf8 42.h5 Re6 43.Qd2 Re7
44.Qd6 Ke8 45.f4 Re2 46.g5 hxg5 47.fxg5 Rg2+ 48.Kh4 Rf2 49.Qb8+ Ke7 50.g6 Rf1
51.Qc7+ Kf8 52.Qd8+ Be8 53.Qd6+ Kg8 54.Qd5+ Kf8 55.Qxb7 Rf6 56.Kg5 Rc6 57.Qa7 Rf6
58.Qxg7+  1-0

[Event "White Nights"]
[Site "St Petersburg RUS"]
[Date "2001.06.10"]
[Round "2"]
[White "Inarkiev,E"]
[Black "Grachev,B"]
[Result "1/2-1/2"]
[WhiteElo "2469"]
[BlackElo "2360"]

1.d4 d5 2.c4 e6 3.Nc3 c6 4.e3 Nf6 5.Nf3 Nbd7 6.Qc2 Bd6 7.g4 dxc4 8.Bxc4 b6
9.e4 Bb7 10.e5 c5 11.Be2 cxd4 12.exf6 dxc3 13.fxg7 Rg8 14.Qxh7 Nf6 15.Qh6 Bxf3
16.Bxf3 Be5 17.O-O cxb2 18.Bxb2 Bxb2 19.Rad1 Qc7 20.Bxa8 Nxg4 21.Qh4 Bf6
22.Qg3 Ne5 23.Kh1 Rxg7 24.Qf4 Be7 25.Rg1 Rxg1+ 26.Rxg1 Bd6 27.Rg8+ Ke7 28.Qh4+ Kd7
29.Qa4+ b5 30.Qxb5+ Ke7 31.Rg1 Qc2 32.Qb7+ Nd7 33.Qxa7 Qh7 34.Rg2 Qb1+ 35.Rg1 Qh7
36.f4 Bc5 37.Qb7 Bxg1 38.Kxg1 Qg7+ 39.Kf2 Qd4+ 40.Kg3 Qg7+ 41.Kh3 Qh6+ 42.Kg3 Qg7+
43.Kf3 Qc3+ 44.Kg2 Qg7+ 45.Kf2  1/2-1/2

[Event "Simul"]
[Site "Torshavn FAI"]
[Date "2001.06.10"]
[Round "1"]
[White "Nilssen,J"]
[Black "Kasparov,G"]
[Result "1/2-1/2"]
[WhiteElo "2345"]
[BlackElo "2827"]

1.d4 d5 2.c4 c6 3.Nc3 Nf6 4.e3 e6 5.Nf3 Nbd7 6.Be2 dxc4 7.Bxc4 b5 8.Be2 b4
9.Na4 Bb7 10.Bd2 a5 11.a3 Be7 12.Qb3 Ne4 13.axb4 Nxd2 14.Nxd2 Bxb4 15.O-O c5
16.dxc5 O-O 17.Rfd1 Qg5 18.Nf3 Nxc5 19.Qc2 Qe7 20.Nxc5 Rac8 21.Rac1 Rxc5
22.Qa4 Rfc8 23.Rxc5 Rxc5 24.Nd4 g6 25.Bf3 Bxf3  1/2-1/2

[Event "Smartchess.com Int"]
[Site "New York USA"]
[Date "2001.06.11"]
[Round "7"]
[White "Simutowe,A"]
[Black "Novikov,I"]
[Result "0-1"]
[WhiteElo "2470"]
[BlackElo "2596"]

1.d4 d5 2.c4 e6 3.Nc3 c6 4.e3 Nf6 5.Nf3 Nbd7 6.Qc2 Bd6 7.b3 O-O 8.Bb2 Re8
9.Be2 dxc4 10.bxc4 e5 11.dxe5 Nxe5 12.O-O Nxf3+ 13.Bxf3 Ng4 14.g3 Qf6 15.Qd1 Ne5
16.Be2 Qg6 17.Qd4 Bh3 18.Rfd1 Bc7 19.c5 Rad8 20.Qa4 Nd3 21.Rxd3 Rxd3 22.Qh4 Rd2
23.Qxh3 Rxb2 24.Qd7 Qe6 25.Qxc7 Rc2 26.Rb1 Rxc3 27.Rxb7 Rxe3 28.fxe3 Qxe3+
29.Kf1 Qxe2+ 30.Kg1 Qe1+ 31.Kg2 Re2+ 32.Kh3 Qf1+  0-1

[Event "2nd IECC"]
[Site "Ohrid MKD"]
[Date "2001.06.12"]
[Round "11"]
[White "Agrest,E"]
[Black "Korobov,A"]
[Result "1-0"]
[WhiteElo "2532"]
[BlackElo "2401"]

1.c4 e6 2.Nc3 d5 3.d4 c6 4.e3 Nf6 5.Nf3 Nbd7 6.Qc2 Bd6 7.g4 Nxg4 8.Rg1 Qf6
9.Rxg4 Qxf3 10.Rxg7 Nf8 11.Rg1 Bxh2 12.Be2 Qh3 13.Rf1 dxc4 14.Bd2 e5 15.dxe5 Bxe5
16.O-O-O Be6 17.f4 Bxc3 18.Qxc3 Ng6 19.e4 Qh2 20.Qe3 Nxf4 21.Rxf4 O-O-O 22.Rf2 Qb8
23.Qc5 b6 24.Qxc6+ Qc7 25.Qa8+ Qb8 26.Qc6+ Qc7 27.Qa8+ Qb8 28.Qxb8+ Kxb8
29.Rh2 Kb7 30.Bc3 Rxd1+ 31.Kxd1 Rd8+ 32.Ke1  1-0

[Event "2nd IECC"]
[Site "Ohrid MKD"]
[Date "2001.06.13"]
[Round "12"]
[White "Kempinski,R"]
[Black "Grabarczyk,M"]
[Result "1/2-1/2"]
[WhiteElo "2582"]
[BlackElo "2506"]

1.d4 d5 2.c4 c6 3.Nc3 Nf6 4.e3 e6 5.Nf3 Nbd7 6.Qc2 b6 7.a3 Be7 8.Bd3 O-O
9.O-O dxc4 10.Bxc4 c5 11.d5 exd5 12.Nxd5 Bb7 13.Nxe7+ Qxe7 14.b3 Ne5 15.Nxe5 Qxe5
16.Bb2 Qe4 17.Qxe4 Nxe4 18.Rfd1 Rfd8 19.Be2 Nd2 20.b4 Nb3 21.Rxd8+ Rxd8 22.Rd1 Rxd1+
23.Bxd1 Bd5 24.Bc3 a5 25.bxc5 Nxc5 26.Bd4 f5 27.g4 fxg4 28.Bxg4 Kf7 29.Be2 Bc6
30.f3 Na4 31.Bc4+ Kg6 32.Kf2 h6 33.e4 b5 34.Be6 b4 35.axb4 axb4 36.Ke3 Kh7
37.Bf7 g5 38.Be6 Kg6 39.h3 Bb5 40.h4 Bc6 41.Kf2 Nc3 42.h5+ Kxh5 43.Bf7+ Kh4
44.Kg2 Nxe4 45.Bg6 g4  1/2-1/2

[Event "5th Open"]
[Site "Voronezh RUS"]
[Date "2001.06.13"]
[Round "2"]
[White "Chuprov,D"]
[Black "Kalinin,Michail"]
[Result "1-0"]
[WhiteElo "2473"]
[BlackElo "2362"]

1.Nf3 d5 2.d4 Nf6 3.c4 e6 4.Nc3 c6 5.e3 Nbd7 6.Bd3 Be7 7.O-O b6 8.b3 Bb7
9.Bb2 a6 10.Rc1 h6 11.Bb1 Rc8 12.Qe2 Ra8 13.Rfd1 Bd6 14.e4 Be7 15.Re1 dxe4
16.Nxe4 Nxe4 17.Qxe4 Nf6 18.Qe2 Bb4 19.Bc3 Bxc3 20.Rxc3 O-O 21.c5 b5 22.Qc2 b4
23.Rce3 Re8 24.Rd1 Qc7 25.Ne5 Rad8 26.h4 Rd5 27.g4 Kf8 28.g5 Ng8 29.g6 f5
30.Qe2 Bc8  1-0

[Event "FSGM June"]
[Site "Budapest HUN"]
[Date "2001.06.14"]
[Round "13"]
[White "Hoang Thanh Trang"]
[Black "Peng Zhaoqin"]
[Result "1/2-1/2"]
[WhiteElo "2465"]
[BlackElo "2391"]

1.d4 d5 2.c4 e6 3.Nc3 c6 4.e3 Nf6 5.Nf3 Nbd7 6.Bd3 dxc4 7.Bxc4 b5 8.Be2 Bb7
9.O-O b4 10.Na4 c5 11.dxc5 Bxc5 12.Nxc5 Nxc5 13.Bd2 Qb6 14.a3 a5 15.axb4 axb4
16.Rxa8+ Bxa8 17.Qe1 Nd5 18.Bc4 O-O 19.e4 Nf6 20.Bxb4 Nfxe4 21.Ba3 Rd8 22.Qe3 h6
23.Rc1 Na4 24.Qxb6 Nxb6 25.Bf1 f6 26.Ne1 Nd2 27.Bd3 Nb3 28.Rc3 Bd5 29.f3 Kf7
30.Kf2 Rc8 31.Rxc8 Nxc8 32.Nc2 Nb6 33.Ke3 Nc4+ 34.Bxc4 Bxc4 35.Nd4 g5  1/2-1/2

[Event "zt 2.4"]
[Site "Sao Paulo BRA"]
[Date "2001.06.14"]
[Round "7"]
[White "Leitao,R"]
[Black "Coelho,L"]
[Result "1-0"]
[WhiteElo "2587"]
[BlackElo "2235"]

1.d4 d5 2.c4 c6 3.Nf3 Nf6 4.Nc3 e6 5.e3 Nbd7 6.Bd3 dxc4 7.Bxc4 b5 8.Bd3 Bb7
9.O-O a6 10.e4 c5 11.d5 Qc7 12.Bc2 O-O-O 13.dxe6 Ne5 14.Qe2 Nxf3+ 15.Qxf3 fxe6
16.Qh3 Kb8 17.Be3 Bd6 18.f4 e5 19.f5 c4 20.Kh1 Bc5 21.Rae1 Bxe3 22.Qxe3 Rd4
23.a3 Rhd8 24.Re2 Nh5 25.g3 Nf6 26.h3 Qd6 27.g4 Bc6 28.Ref2 h6 29.Kh2 a5
30.Ne2 Nxe4 31.Bxe4 Rxe4 32.Qb6+ Bb7 33.Qxb5 Rxe2 34.Rxe2 e4+ 35.Kg1 Qd4+
36.Kh2 Qd6+ 37.Kg1 Qd4+ 38.Kh2 e3 39.h4 Qe4 40.Qxa5 Rd5 41.Qe1 Rd3 42.Qg3+ Ka8
43.Rfe1 Bd5 44.h5  1-0

[Event "White Nights"]
[Site "St Petersburg RUS"]
[Date "2001.06.16"]
[Round "8"]
[White "Klimov,S"]
[Black "Grachev,B"]
[Result "1-0"]
[WhiteElo "2438"]
[BlackElo "2360"]

1.d4 d5 2.c4 e6 3.Nc3 c6 4.e3 Nf6 5.Nf3 Nbd7 6.Bd3 dxc4 7.Bxc4 b5 8.Bd3 Bd6
9.e4 e5 10.dxe5 Nxe5 11.Nxe5 Bxe5 12.f4 Bd4 13.e5 Ng4 14.Ne4 O-O 15.h3 Nh6
16.Qf3 Nf5 17.g4 Nh4 18.Qg3 f5 19.exf6 Bxf6 20.O-O c5 21.Nxf6+ Qxf6 22.Be4 Rb8
23.Be3 Re8 24.Bd5+ Be6 25.Bxe6+ Rxe6 26.Bf2 Nf5 27.gxf5 Qxf5 28.Qf3 Rf8 29.Rae1 Ref6
30.Rd1 Qg6+ 31.Qg2 Qh6 32.Bg3 c4 33.Kh2 a6 34.Rfe1 R6f7 35.Qd5 Qf6 36.Re5 h5
37.h4 g6 38.Qe6 Qg7 39.Rd7 Kh7 40.Rxf7 Qxf7 41.Qxf7+ Rxf7 42.Kg2 Rd7 43.Be1 Kg7
44.Re6  1-0

[Event "White Nights"]
[Site "St Petersburg RUS"]
[Date "2001.06.16"]
[Round "8"]
[White "Virovlansky,S"]
[Black "Pisakov,I"]
[Result "0-1"]
[WhiteElo "2436"]
[BlackElo "2280"]

1.d4 d5 2.c4 c6 3.Nc3 Nf6 4.e3 e6 5.Nf3 Nbd7 6.Bd3 dxc4 7.Bxc4 b5 8.Bd3 Bb7
9.e4 b4 10.Na4 c5 11.e5 Nd5 12.Nxc5 Nxc5 13.dxc5 Bxc5 14.O-O h6 15.Qe2 Qb6
16.Bd2 Ke7 17.Rac1 Rhd8 18.Qe4 a5 19.Qg4 Kf8 20.Be2 Rac8 21.Rcd1 Rd7 22.Qg3 Ne7
23.Bxh6 Bxf2+ 24.Rxf2 Rxd1+ 25.Bxd1 gxh6 26.Qf4 Nf5 27.Nh4 Rd8 28.Qc1 Qe3
29.Qb1 Rd2  0-1

[Event "White Nights"]
[Site "St Petersburg RUS"]
[Date "2001.06.17"]
[Round "9"]
[White "Skatchkov,P"]
[Black "Poliakov,A"]
[Result "1-0"]
[WhiteElo "2456"]
[BlackElo "2268"]

1.Nf3 d5 2.d4 c6 3.c4 Nf6 4.Nc3 e6 5.e3 Nbd7 6.Bd3 dxc4 7.Bxc4 b5 8.Bd3 Bb7
9.e4 b4 10.Na4 c5 11.e5 Nd5 12.O-O cxd4 13.Nxd4 Be7 14.Qg4 Nxe5 15.Bb5+ Kf8
16.Qe2 a6 17.Bd3 Nxd3 18.Qxd3 Qa5 19.b3 Rd8 20.Be3 e5 21.Nf5 Nc3 22.Qc4 Nxa4
23.bxa4 h5 24.Nxe7 Kxe7 25.Bc5+ Kf6 26.f4 e4 27.f5 Rhe8 28.Bd4+ Re5 29.Bxe5+ Qxe5
30.Qxb4 Qd4+ 31.Qxd4+ Rxd4 32.Rab1 Bc8 33.Rbc1 Bxf5 34.Rc6+ Kg5 35.Rxa6 e3
36.Re1 Kf4 37.Ra5 g6 38.a3 h4 39.Rb5 Rd2 40.Rb3 Bd3 41.a5 h3 42.Rb4+ Be4
43.g3+ Ke5 44.Rxe3 f5 45.a6 Rg2+ 46.Kf1 Rxh2 47.a7 Rh1+ 48.Kf2 h2 49.Rexe4+  1-0

[Event "Savic-Mauzer Mem"]
[Site "Bijeljina YUG"]
[Date "2001.06.21"]
[Round "6"]
[White "Rosic,S"]
[Black "Cosma,I"]
[Result "1-0"]
[WhiteElo "2302"]
[BlackElo "2467"]

1.d4 d5 2.c4 e6 3.Nf3 c6 4.Nc3 Nf6 5.e3 Nbd7 6.Bd3 dxc4 7.Bxc4 b5 8.Bd3 a6
9.e4 c5 10.d5 Qc7 11.O-O Bb7 12.dxe6 fxe6 13.Qe2 Bd6 14.Bxb5 axb5 15.Nxb5 Qc6
16.Nxd6+ Qxd6 17.e5 Ba6 18.Qe1 Qd5 19.exf6 gxf6 20.b3 e5 21.Qd1 Qc6 22.Re1 O-O-O
23.Qc2 Rhg8 24.Re3 Nf8 25.Ba3 Ne6 26.Rc1 Nf4 27.g3 Nd3 28.Rd1 Rg7 29.Ne1 Bb7
30.f3 Nxe1 31.Rdxe1 Rc7 32.Rc1 Rd5 33.Rc3 Qd7 34.Rxc5 Rdxc5 35.Bxc5 Bxf3
36.b4 h5 37.Rf1 e4 38.Qc3 Qf5 39.Qc4 Rc6 40.Qd4 h4 41.Qf2 Rc7 42.Bd6 Rc6
43.Bf4 Qd5 44.a4 h3 45.Qd2 Qxd2 46.Bxd2 Kd7 47.Kf2 Rc2 48.Ke3 Ra2 49.a5 Ra3+
50.Kf4 Ra2 51.Rf2 Kc6 52.Be3 Ra3 53.Rc2+ Kb5 54.Bd2 Rd3 55.Rc5+ Ka4 56.a6 Rxd2
57.a7 Kxb4 58.a8=Q  1-0

[Event "TCh-Europe Boys U18"]
[Site "Balatonlelle HUN"]
[Date "2001.06.22"]
[Round "1"]
[White "Markos,J"]
[Black "Bonnet,E1"]
[Result "1-0"]
[WhiteElo "2437"]
[BlackElo "2182"]

1.d4 d5 2.c4 c6 3.Nc3 Nf6 4.e3 e6 5.Nf3 Nbd7 6.Qc2 Bd6 7.Be2 O-O 8.O-O Re8
9.Rd1 Qe7 10.h3 b6 11.e4 Nxe4 12.Nxe4 dxe4 13.Qxe4 Bb7 14.Bd3 Nf6 15.Qh4 c5
16.Be3 Rad8 17.Ne5 h6 18.Bc2 cxd4 19.Bxd4 Nd7 20.Qxe7 Rxe7 21.Ba4 Nc5 22.Bxc5 bxc5
23.Rd2 Bc7 24.Rxd8+ Bxd8 25.Rd1 Bb6 26.Nd7 e5 27.Nxb6 axb6 28.Rd6 Re6 29.Rd8+ Kh7
30.Rd7 Ba6 31.Bc2+ g6 32.b3 Kg7 33.Be4 Rf6 34.Rc7 h5 35.h4 Rf4 36.Bd5 Rf6
37.g3 Rf5 38.a3 Rf6 39.b4 cxb4 40.axb4 Rd6 41.Rxf7+ Kh6 42.Re7 e4 43.Re6 Rxe6
44.Bxe6 Bb7 45.Bd7  1-0

[Event "III ShakkiNet IM"]
[Site "Helsinki FIN"]
[Date "2001.06.24"]
[Round "4"]
[White "Nagy,L"]
[Black "Liitiainen,E"]
[Result "1/2-1/2"]
[WhiteElo "2047"]
[BlackElo "2172"]

1.c4 Nf6 2.Nc3 e6 3.d4 d5 4.Nf3 c6 5.e3 Nbd7 6.Bd3 dxc4 7.Bxc4 b5 8.Bd3 Bb7
9.O-O a6 10.b3 c5 11.Bb2 Rc8 12.Qe2 Bd6 13.Rad1 O-O 14.e4 cxd4 15.Nxd4 Be5
16.Bb1 Qb6 17.Qd2 Rfd8 18.f3 Nc5 19.Qf2 Nd3 20.Rxd3 Bxd4 21.Rxd4 Qxd4 22.Qxd4 Rxd4
23.Nd5 Rxd5 24.exd5 Bxd5 25.Kf2 Nd7 26.Ke3 f6 27.h3 Kf7 28.g4 e5 29.Rd1 Nb6
30.f4 exf4+ 31.Kxf4 g6 32.Bd4 Nd7 33.h4 Bb7 34.g5 f5 35.h5 Nf8 36.hxg6+ hxg6
37.Bf6 Rc7 38.Ke5 Rd7 39.Rd6 Rxd6 40.Kxd6 Ne6 41.Bd3 Nf4 42.Bf1 Bg2 43.Be5 Bxf1  1/2-1/2

[Event "TCh-Europe Boys U18"]
[Site "Balatonlelle HUN"]
[Date "2001.06.25"]
[Round "4"]
[White "Braun,A"]
[Black "Esen,B"]
[Result "1/2-1/2"]
[WhiteElo "2156"]
[BlackElo "2174"]

1.d4 d5 2.c4 c6 3.Nc3 Nf6 4.e3 e6 5.Nf3 Nbd7 6.Qc2 Bd6 7.Bd3 O-O 8.O-O dxc4
9.Bxc4 Qe7 10.h3 e5 11.Bb3 b6 12.Rd1 Bb7 13.dxe5 Nxe5 14.Nd4 g6 15.f4 Ned7
16.e4 Bb4 17.e5 Bxc3 18.Qxc3 Ne4 19.Qe3 Nec5 20.Bc4 b5 21.Be2 Ne6 22.Nxe6 fxe6
23.Rd6 Nb6 24.Qf2 Rad8 25.Rxd8 Qxd8 26.Bg4 Bc8 27.Bd2 Nd5 28.Rc1 Qc7 29.h4 Bd7
30.g3 Qb6 31.Rc5 Qa6 32.a3 Qa4 33.Bf3 Qb3 34.Bc3 Qa2 35.Kh2 Qb1 36.Qe2 Qf5
37.Be4 Qf7 38.Bd2 Qe7 39.Be3 a6 40.Rc1 Qf7 41.Kg2 Rb8 42.Bc5 Be8 43.Rh1 a5
44.Kf3 Rb7 45.Qc2 Rd7 46.Kg2 a4 47.Qf2 Rb7 48.Qf3 Rd7 49.h5 gxh5 50.Rh4 Ne7
51.Bd6 Nf5 52.Bxf5 Qxf5  1/2-1/2

[Event "Narciso Yepes"]
[Site "Lorca ESP"]
[Date "2001.06.26"]
[Round "2"]
[White "Braga,F"]
[Black "Korneev,O"]
[Result "0-1"]
[WhiteElo "2410"]
[BlackElo "2572"]

1.d4 d5 2.c4 e6 3.Nc3 c6 4.e3 Nf6 5.Nf3 Nbd7 6.Qc2 Bd6 7.Be2 O-O 8.O-O dxc4
9.Bxc4 b5 10.Be2 Bb7 11.Rd1 Qb8 12.a3 Rc8 13.e4 e5 14.g3 a5 15.Bg5 b4 16.Bxf6 Nxf6
17.Na4 exd4 18.Rxd4 c5 19.Rxd6 Qxd6 20.e5 Qc6 21.exf6 c4 22.Qf5 Re8 23.Nc5 g6
24.Qd7 Qxd7  0-1

[Event "Open"]
[Site "Batumi GEO"]
[Date "2001.06.27"]
[Round "2"]
[White "Kotanjian,T"]
[Black "Sulashvili,M"]
[Result "0-1"]
[WhiteElo "2369"]
[BlackElo "2181"]

1.d4 d5 2.c4 c6 3.Nc3 Nf6 4.e3 e6 5.Nf3 Nbd7 6.Bd3 dxc4 7.Bxc4 b5 8.Bd3 b4
9.Ne4 c5 10.O-O cxd4 11.Nxd4 Bb7 12.Nxf6+ gxf6 13.Qh5 Qb6 14.Rd1 Qc5 15.Qxc5 Bxc5
16.Bb5 O-O-O 17.Bd2 a6 18.Bf1 Rhg8 19.Nb3 Be7 20.f4 Nb6 21.Na5 f5 22.a3 bxa3
23.bxa3 Kb8 24.Rab1 Bc5 25.Kf2 Be4 26.Rb2 Ka7 27.Rc1 Bxa3 28.Rxb6 Rxd2+ 29.Ke1 Bxc1
30.Rxa6+ Kb8 31.Nc6+ Kc7 32.Ne5 Rb8  0-1

[Event "Narciso Yepes"]
[Site "Lorca ESP"]
[Date "2001.06.27"]
[Round "5"]
[White "Zlotnik,B"]
[Black "Cifuentes Parada,R"]
[Result "0-1"]
[WhiteElo "2410"]
[BlackElo "2496"]

1.d4 d5 2.c4 e6 3.Nc3 c6 4.e3 Nf6 5.Nf3 Nbd7 6.Bd3 Bd6 7.O-O O-O 8.e4 Nxe4
9.Nxe4 dxe4 10.Bxe4 h6 11.Bc2 e5 12.Re1 Bb4 13.Bd2 Bxd2 14.Qxd2 exd4 15.Qxd4 Qb6
16.Rad1 c5 17.Qc3 Nf6 18.Ne5 Be6 19.h3 Rad8 20.b3 Rxd1 21.Rxd1 Rd8 22.Rd2 Kf8
23.Kf1 Qc7 24.Rxd8+ Qxd8 25.b4 Qd6 26.a3 Nd7 27.Nxd7+ Bxd7 28.Qd3 Qxd3+ 29.Bxd3 b6
30.h4 Ke7 31.Ke2 Bc6 32.g3 cxb4 33.axb4 a5 34.c5 axb4 35.cxb6 Kd6 36.Ba6 Bd5
37.Kd3 Kc6 38.b7 Kc7 39.Kd4 Bxb7 40.Bc4 Kd6 41.Bxf7 Ba6 42.Bb3 Be2 43.Bg8 Bd1
44.Bf7 Be2 45.Bg8 Kc6 46.Bb3 Kb5 47.Kd5 Bf3+ 48.Kd4 Bh5 49.f4 Bg4 50.Ke5 Kc5
51.f5 h5 52.Ke6 Kd4  0-1

[Event "TCh-Europe Boys U18"]
[Site "Balatonlelle HUN"]
[Date "2001.06.28"]
[Round "6"]
[White "Papa,S"]
[Black "Bonnet,E1"]
[Result "1-0"]
[WhiteElo "2160"]
[BlackElo "2182"]

1.d4 d5 2.c4 c6 3.Nf3 Nf6 4.Nc3 e6 5.e3 Nbd7 6.Qc2 Bd6 7.b3 O-O 8.Be2 Qe7
9.O-O Re8 10.Rd1 b6 11.e4 Nxe4 12.Nxe4 dxe4 13.Qxe4 Bb7 14.Bb2 e5 15.c5 bxc5
16.dxe5 Nxe5 17.Nxe5 Bxe5 18.Bxe5 Qxe5 19.Qxe5 Rxe5 20.Bc4 Rae8 21.Rd7 R5e7
22.Rad1 g6 23.h3 Kg7 24.R1d6 Kf8 25.g4 Rxd7 26.Rxd7 Re7 27.Rd6 Re1+ 28.Kg2 Ke7
29.Rd3 Bc8 30.Rf3 Be6 31.Bxe6 Rxe6 32.Rf4 Rd6 33.Re4+ Kf6 34.Ra4 Rd7 35.Ra6 Rc7
36.Ra5 c4 37.bxc4 Ke6 38.Kf3 f6 39.Ke4 Rd7 40.f4 Rb7 41.Kd4 Kd6 42.Ra6 Rc7
43.f5 Rb7 44.Ra5 Rc7 45.Ra6 Rb7 46.c5+ Kd7 47.Kc4 Rc7 48.Ra3 Ke7 49.Re3+ Kf7
50.Re6 h5 51.Rd6 hxg4 52.hxg4 gxf5 53.gxf5 Kg7 54.a3 Kf7 55.Kb4 Kg7 56.Ka5 Kf7
57.a4 Kg7 58.Ka6 Kf7 59.a5 Kg7 60.Rd8 Kh6 61.Ra8 Kg5 62.Rxa7 Rc8 63.Rh7 Kxf5
64.Kb7  1-0

[Event "Open"]
[Site "Batumi GEO"]
[Date "2001.06.30"]
[Round "5"]
[White "Mamedyarov,S"]
[Black "Kotanjian,T"]
[Result "1-0"]
[WhiteElo "2522"]
[BlackElo "2369"]

1.d4 d5 2.c4 c6 3.Nf3 Nf6 4.Nc3 e6 5.e3 Nbd7 6.Bd3 dxc4 7.Bxc4 b5 8.Bd3 Bb7
9.O-O a6 10.e4 c5 11.e5 Nd5 12.Bg5 Qb8 13.Re1 cxd4 14.Nxd5 Bxd5 15.Be4 Bxe4
16.Rxe4 Bc5 17.Nxd4 Qb7 18.Qe2 O-O 19.Nb3 Rfc8 20.Rd1 Bf8 21.h4 Nc5 22.Rg4 Nd7
23.h5 Rc7 24.Qe3 Kh8 25.Qg3 Rc4 26.Rxc4 bxc4 27.Na5 Qb5 28.Nxc4 Nc5 29.b3 Ne4
30.Qf3 Qb7 31.Rd4 Nc5 32.Qxb7 Nxb7 33.Rd7 Nc5 34.Rxf7 Kg8 35.Rc7 Nd3 36.a3 a5
37.Be7 Bxe7 38.Rxe7 Nc5 39.b4 axb4 40.axb4 Kf8 41.Rc7 Na6 42.Rb7  1-0

[Event "ch-LIB"]
[Site "Beruit LIB"]
[Date "2001.07.01"]
[Round "5.1"]
[White "Najjar,A"]
[Black "Omar,H"]
[Result "1/2-1/2"]
[WhiteElo "2275"]
[BlackElo "2139"]

1.d4 d5 2.Nf3 c6 3.e3 Nf6 4.c4 e6 5.Nc3 Nbd7 6.Bd2 Bd6 7.Bd3 O-O 8.O-O dxc4
9.Bxc4 e5 10.Qc2 Qe7 11.Bd3 Re8 12.Ng5 h6 13.Nge4 Bb8 14.Rae1 Nxe4 15.Nxe4 Nf6
16.f4 Nxe4 17.Bxe4 exd4 18.exd4 Qd8 19.d5 cxd5 20.Bxd5 Bd6 21.Rxe8+ Qxe8
22.Re1 Qf8 23.Bc3 Rb8 24.Qg6 Bc5+ 25.Kh1 Bd7 26.b4 Bc6 27.Qxf7+ Qxf7 28.Bxf7+ Kxf7
29.bxc5 Rd8 30.Kg1 Rd5 31.Re5 Rd3 32.Be1 Rd1 33.Kf2 Rc1 34.g4 Rc2+ 35.Re2 Rxc5
36.h4 Ba4 37.Bb4 Rc2 38.Rxc2 Bxc2 39.Ke3 Bd1 40.g5 hxg5 41.fxg5 g6  1/2-1/2

[Event "Open"]
[Site "Andorra AND"]
[Date "2001.07.02"]
[Round "3"]
[White "Comas Fabrego,L"]
[Black "Molander,R"]
[Result "1-0"]
[WhiteElo "2510"]
[BlackElo "2318"]

1.d4 d5 2.c4 c6 3.Nf3 Nf6 4.Nc3 e6 5.e3 Bd6 6.Bd3 O-O 7.O-O Nbd7 8.e4 dxc4
9.Bxc4 e5 10.Bg5 Qe7 11.d5 Nb6 12.Bb3 h6 13.Bh4 Rd8 14.Re1 Bc5 15.h3 Nbd7
16.Bg3 Nh5 17.Bh2 Qf6 18.Qd2 Re8 19.Rac1 Bb4 20.a3 Ba5 21.Bd1 Nf8 22.b4 Bb6
23.Na4 Ng6 24.dxc6 bxc6 25.Qc3 Ngf4 26.Nxb6 axb6 27.Nxe5 Rxe5 28.Bxh5 Qg5
29.Bxf4 Qxf4 30.Qxc6 Rb8 31.Qc7 Ra8 32.Qc6 Rb8 33.Qc7 Ra8 34.g3 Qf6 35.Bxf7+ Kh8
36.Qc6 Qxc6 37.Rxc6 Bxh3 38.Rxb6 Rxa3 39.Rb8+ Kh7 40.b5 h5 41.b6 Kh6 42.Rh8+  1-0